[Event "1. OEsterreichische Internet Schach Meisterschaft - Vorrunde 1"]
[Site "Online - Playchess.com"]
[Date ""]
[Round "3"]
[Board "20"]
[White "Meier, Alexander"]
[Black "Doujak, Gabriel Andreas"]
[Result "1-0"]
[WhiteElo "2226"]
[BlackElo "1980"]
[PlyCount "105"]
[EventDate "2020.04.11"]
[EventRounds "9"]
[EventCountry "AUT"]

1. e4 c6 2. d4 d5 3. Nc3 dxe4 4. Nxe4 Nf6 5. Ng3 h5 6. h4 Bg4 7. f3 Bd7 8. Bc4
e6 9. N1e2 Bd6 10. Ne4 Nxe4 11. fxe4 e5 12. Be3 Qc7 13. Qd3 Bg4 14. O-O-O Nd7
15. Rd2 f6 16. Bb3 O-O-O 17. d5 cxd5 18. Bxd5 Kb8 19. Nc3 Nc5 20. Qc4 Na6 21.
Qa4 Bc5 22. Nb5 Qb6 23. Bxc5 Qxc5 24. Nc3 Qb4 25. Qxb4 Nxb4 26. a3 Nxd5 27.
Nxd5 Be6 28. c4 Bxd5 29. Rxd5 Rxd5 30. cxd5 Kc7 31. Kd2 Kd6 32. Rc1 Rd8 33. Kd3
Rd7 34. Rc8 Re7 35. b4 a6 36. a4 g6 37. Rd8+ Rd7 38. Rf8 Ke7 39. Rg8 Kf7 40.
Rc8 f5 41. exf5 gxf5 42. Kc4 Ke7 43. Kc5 e4 44. Rg8 Kf7 45. Rg5 Kf6 46. Rxh5 e3
47. Rh6+ Kf7 48. Re6 f4 49. Kd4 Re7 50. Rxe7+ Kxe7 51. Kd3 Kd6 52. h5 Kxd5 53.
h6 {Zeit}  1-0

[Event "1. OEsterreichische Internet Schach Meisterschaft - Vorrunde 1"]
[Site "Online - Playchess.com"]
[Date ""]
[Round "3"]
[Board "21"]
[White "Kern, Michael"]
[Black "Novkovic, Julia"]
[Result "1-0"]
[WhiteElo "1957"]
[BlackElo "2170"]
[PlyCount "39"]
[EventDate "2020.04.11"]
[EventRounds "9"]
[EventCountry "AUT"]

1. d4 g6 2. Bf4 Bg7 3. Nc3 d6 4. e4 c6 5. Qd2 Nd7 6. O-O-O e5 7. dxe5 dxe5 8.
Bg3 Qc7 9. f4 Ne7 10. fxe5 Bxe5 11. Bxe5 Nxe5 12. Qh6 Be6 13. Nf3 Nxf3 14. gxf3
Rd8 15. Rxd8+ Qxd8 16. Qg7 Kd7 17. Bh3 Kc8 18. Bxe6+ fxe6 19. Qe5 Qc7 20. Qxh8+
{Julka gibt auf}  1-0

[Event "1. OEsterreichische Internet Schach Meisterschaft - Vorrunde 1"]
[Site "Online - Playchess.com"]
[Date ""]
[Round "3"]
[Board "22"]
[White "Lerch, Johannes"]
[Black "Maierhofer, Johann"]
[Result "0-1"]
[WhiteElo "2005"]
[BlackElo "2087"]
[PlyCount "82"]
[EventDate "2020.04.11"]
[EventRounds "9"]
[EventCountry "AUT"]

1. e4 e5 2. Nf3 Nf6 3. Nxe5 d6 4. Nf3 Nxe4 5. Nc3 Nxc3 6. dxc3 Be7 7. Be3 O-O
8. Qd2 Re8 9. O-O-O Nd7 10. h4 Nf6 11. Kb1 Bg4 12. Bd3 c6 13. Rde1 Nd5 14. Bg5
Bxf3 15. gxf3 f6 16. Bh6 Bf8 17. Reg1 Kh8 18. Be3 Qe7 19. Re1 Qf7 20. h5 Nxe3
21. fxe3 Re5 22. Bg6 Qe7 23. Bd3 Re8 24. e4 d5 25. Reg1 dxe4 26. Bxe4 f5 27.
Bd3 Qd6 28. a3 c5 29. Qg2 Qe7 30. h6 g6 31. Qf2 Re3 32. f4 Qf6 33. Qd2 Bd6 34.
Rf1 b6 35. Bc4 Qe7 36. Qd5 Bc7 37. Ba2 Qd6 38. Qxd6 Bxd6 39. Kc1 R3e4 40. Kd2
Bxf4+ 41. Kd1 Rd8+ {Zeit}  0-1

[Event "1. OEsterreichische Internet Schach Meisterschaft - Vorrunde 1"]
[Site "Online - Playchess.com"]
[Date ""]
[Round "3"]
[Board "23"]
[White "Iro, Christian"]
[Black "Knoll, Martin"]
[Result "0-1"]
[WhiteElo "2081"]
[BlackElo "2018"]
[PlyCount "78"]
[EventDate "2020.04.11"]
[EventRounds "9"]
[EventCountry "AUT"]

1. e4 c6 2. d4 d5 3. Nc3 Nf6 4. e5 Nfd7 5. f4 e6 6. Nf3 c5 7. Be3 Nc6 8. Qd2 a6
9. Be2 cxd4 10. Nxd4 Bc5 11. Nxc6 bxc6 12. Bxc5 Nxc5 13. O-O g6 14. Kh1 Bb7 15.
b3 Qa5 16. a4 Nd7 17. Rad1 c5 18. Ne4 Qxd2 19. Nd6+ Ke7 20. Rxd2 Bc6 21. Bf3 f6
22. Re1 fxe5 23. fxe5 Rhf8 24. c4 Nxe5 25. Rxe5 Kxd6 26. Rde2 Rae8 27. h3 a5
28. Bg4 dxc4 29. Rxe6+ Rxe6 30. Rxe6+ Kc7 31. bxc4 Bxa4 32. Re7+ Kb6 33. Rxh7
Bc2 34. Re7 a4 35. Re2 Bb3 36. Re6+ Ka5 37. Be2 a3 38. Re7 Ra8 39. Rd7 a2  0-1

[Event "1. OEsterreichische Internet Schach Meisterschaft - Vorrunde 1"]
[Site "Online - Playchess.com"]
[Date ""]
[Round "3"]
[Board "24"]
[White "Bachner, Karsten"]
[Black "Wiedermann, Daniel"]
[Result "1/2-1/2"]
[WhiteElo "1997"]
[BlackElo "2048"]
[PlyCount "51"]
[EventDate "2020.04.11"]
[EventRounds "9"]
[EventCountry "AUT"]

1. e4 c6 2. d4 d5 3. Nc3 dxe4 4. Nxe4 Bf5 5. Ng3 Bg6 6. h4 h6 7. Nh3 e6 8. Nf4
Bh7 9. c3 Nf6 10. Bd3 Bxd3 11. Nxd3 Bd6 12. Bf4 Qc7 13. Qd2 Nbd7 14. O-O-O
O-O-O 15. Kb1 Kb8 16. Rhe1 Rhe8 17. Bxd6 Qxd6 18. f4 Qc7 19. Qf2 g6 20. Ne5
Nxe5 21. fxe5 Ng4 22. Qf3 h5 23. Ne4 Re7 24. Qf4 Red7 25. Rf1 Nxe5 26. Nf6
 1/2-1/2

[Event "1. OEsterreichische Internet Schach Meisterschaft - Vorrunde 1"]
[Site "Online - Playchess.com"]
[Date ""]
[Round "3"]
[Board "25"]
[White "Riemelmoser, Stefan"]
[Black "Glaner, Marcus Franz"]
[Result "0-1"]
[WhiteElo "2046"]
[BlackElo "1939"]
[PlyCount "110"]
[EventDate "2020.04.11"]
[EventRounds "9"]
[EventCountry "AUT"]

1. e4 d6 2. d4 Nf6 3. Nc3 g6 4. f3 c6 5. Be3 b5 6. Qd2 b4 7. Nd1 a5 8. Bh6 Bxh6
9. Qxh6 Nbd7 10. Bc4 Nb6 11. Qg7 Rf8 12. Bd3 e5 13. Ne2 exd4 14. Nxd4 Nh5 15.
Qxh7 Qh4+ 16. Nf2 Qf6 17. Nxc6 Qxb2 18. Rd1 Qc3+ 19. Rd2 Qxc6 20. O-O Be6 21.
Ng4 O-O-O 22. Qh6 Nc4 23. Rdd1 Qc5+ 24. Kh1 Nb2 25. Rc1 Kb8 26. Qd2 Nc4 27.
Bxc4 Bxc4 28. Rfd1 f5 29. Ne3 fxe4 30. Nxc4 Qxc4 31. fxe4 Nf4 32. Qf2 Qxe4 33.
Qb6+ Qb7 34. Qg1 Ne2 35. Qe1 Nxc1 36. Rxc1 Rde8 37. Qd2 Rd8 38. c3 d5 39. cxb4
axb4 40. Rb1 Kc8 41. h3 d4 42. Rxb4 Rf1+ 43. Kh2 Qc7+ 44. g3 Rdf8 45. Rb2 R8f2+
46. Qxf2 Rxf2+ 47. Rxf2 Qc3 48. Kg2 d3 49. h4 d2 50. h5 gxh5 51. g4 hxg4 52.
Rf8+ Kd7 53. Rf7+ Ke6 54. Rf6+ Kxf6 55. Kf2 Qf3+  0-1

[Event "1. OEsterreichische Internet Schach Meisterschaft - Vorrunde 1"]
[Site "Online - Playchess.com"]
[Date ""]
[Round "3"]
[Board "26"]
[White "Enne, Harald"]
[Black "Wischounig, Laurin"]
[Result "0-1"]
[WhiteElo "1916"]
[BlackElo "1878"]
[PlyCount "90"]
[EventDate "2020.04.11"]
[EventRounds "9"]
[EventCountry "AUT"]

1. d4 d5 2. c4 c6 3. Nc3 Nf6 4. Nf3 a6 5. Bg5 Ne4 6. Nxe4 dxe4 7. Nd2 f6 8. Bf4
Qxd4 9. Qc2 e5 10. Be3 Qd8 11. Nxe4 Be7 12. g3 O-O 13. Bg2 Qa5+ 14. Bd2 Bb4 15.
O-O Bf5 16. Bxb4 Qxb4 17. a3 Qb6 18. e3 Nd7 19. b4 Rfd8 20. Nxf6+ Nxf6 21. Qxf5
Qc7 22. Rfd1 Rf8 23. Qe6+ Kh8 24. c5 Rae8 25. Qc4 e4 26. Rd6 Qe7 27. Rad1 Nd5
28. h4 b5 29. Qb3 Qf7 30. Rxc6 Qxf2+ 31. Kh2 Nxe3 32. Rg1 Ng4+ 33. Kh1 e3 34.
Qd1 e2 35. Qe1 Qxe1 36. Rxe1 Nf2+ 37. Kg1 Nd3 38. Rxe2 Rxe2 39. Rxa6 Re1+ 40.
Kh2 Re2 41. Kh3 h6 42. Bd5 Nf2+ 43. Kg2 Ng4+ 44. Kh3 h5 45. Rb6 Rh2#  0-1

[Event "1. OEsterreichische Internet Schach Meisterschaft - Vorrunde 1"]
[Site "Online - Playchess.com"]
[Date ""]
[Round "3"]
[Board "27"]
[White "Moerwald, Miriam"]
[Black "Schreiner, Peter"]
[Result "0-1"]
[WhiteElo "1760"]
[BlackElo "2440"]
[PlyCount "66"]
[EventDate "2020.04.11"]
[EventRounds "9"]
[EventCountry "AUT"]

1. e4 c5 2. Nf3 Nc6 3. d4 cxd4 4. Nxd4 g6 5. c4 Nf6 6. Nc3 Nxd4 7. Qxd4 d6 8.
Be3 Bg7 9. Qd2 O-O 10. Be2 a5 11. O-O a4 12. Qc2 Qa5 13. Bd4 Be6 14. Rac1 Rfc8
15. Nd5 Nxd5 16. Bxg7 Nb4 17. Qc3 Nxa2 18. Qxa5 Rxa5 19. Bd4 Nxc1 20. Rxc1 a3
21. b4 Ra4 22. Bc3 Bxc4 23. Bd1 Raa8 24. Ra1 a2 25. e5 dxe5 26. Bxe5 Bd5 27.
Bg4 e6 28. Bf6 h5 29. Be2 Rc2 30. Bd1 Rd2 31. Bf3 Bxf3 32. gxf3 Rd5 33. Bc3 Rd3
{Miriamk gibt auf}  0-1

[Event "1. OEsterreichische Internet Schach Meisterschaft - Vorrunde 1"]
[Site "Online - Playchess.com"]
[Date ""]
[Round "3"]
[Board "28"]
[White "Schneider-Zinner, Harald"]
[Black "Missethan, Michael"]
[Result "1-0"]
[WhiteElo "2381"]
[BlackElo "2015"]
[PlyCount "49"]
[EventDate "2020.04.11"]
[EventRounds "9"]
[EventCountry "AUT"]

1. d4 d5 2. c4 e6 3. cxd5 exd5 4. Bf4 Nf6 5. e3 Bd6 6. Bg3 O-O 7. Bd3 c6 8. Nc3
Bg4 9. Qc2 Bh5 10. Nge2 Bg6 11. Nf4 Bxd3 12. Nxd3 Re8 13. O-O Bxg3 14. hxg3
Nbd7 15. b4 Nb6 16. b5 Nc4 17. bxc6 bxc6 18. Nc5 Rb8 19. Rab1 Qd6 20. e4 Rb6
21. e5 Qc7 22. exf6 Na3 23. Rbe1 Reb8 24. Qc1 Nc4 25. Qg5 {Mmikey gibt auf}  1-0

[Event "1. OEsterreichische Internet Schach Meisterschaft - Vorrunde 1"]
[Site "Online - Playchess.com"]
[Date ""]
[Round "3"]
[Board "29"]
[White "Huber, Guenther"]
[Black "Dietmayer-Kraeutler, Marco"]
[Result "0-1"]
[WhiteElo "1979"]
[BlackElo "2284"]
[PlyCount "104"]
[EventDate "2020.04.11"]
[EventRounds "9"]
[EventCountry "AUT"]

1. c4 e6 2. g3 Nf6 3. Bg2 d5 4. d4 Be7 5. Nf3 O-O 6. cxd5 exd5 7. O-O c6 8. Nc3
Bg4 9. Bg5 Nbd7 10. h3 Bh5 11. g4 Bg6 12. e3 Ne4 13. Nxe4 Bxe4 14. Bxe7 Qxe7
15. Qb3 Rab8 16. Rac1 Kh8 17. Nd2 Bxg2 18. Kxg2 f5 19. f3 h5 20. Qd3 Qg5 21. f4
Qe7 22. g5 Rfe8 23. Rce1 Qb4 24. Nb3 Re4 25. Nd2 Re6 26. b3 Rbe8 27. Nf3 g6 28.
Ne5 Nxe5 29. fxe5 a5 30. Rc1 a4 31. Qc3 Qxc3 32. Rxc3 axb3 33. Rxb3 b5 34. Rc1
Ra8 35. Rb2 Ra3 36. Kf3 Kg7 37. Rbc2 Ra6 38. h4 Kf7 39. Ke2 Ke7 40. Kd2 Kd7 41.
Kd3 Re8 42. Kd2 Rb8 43. Rb2 Ra4 44. Rc5 Rba8 45. Rcc2 Ra3 46. Ke2 R8a4 47. Kd2
f4 48. Rb3 Rxa2 49. Rxa2 Rxa2+ 50. Kd3 fxe3 51. Kxe3 Rh2 52. Ra3 Rh3+ {Austria
gibt auf}  0-1

[Event "1. OEsterreichische Internet Schach Meisterschaft - Vorrunde 1"]
[Site "Online - Playchess.com"]
[Date ""]
[Round "3"]
[Board "30"]
[White "Enoeckl, Philipp"]
[Black "Gschiel, Alexander"]
[Result "1-0"]
[WhiteElo "2276"]
[BlackElo "1908"]
[PlyCount "109"]
[EventDate "2020.04.11"]
[EventRounds "9"]
[EventCountry "AUT"]

1. d4 Nf6 2. Bg5 e6 3. e4 Be7 4. Nd2 h6 5. Bxf6 Bxf6 6. c3 d5 7. e5 Be7 8. f4
O-O 9. Ngf3 c5 10. Bd3 cxd4 11. cxd4 Nc6 12. O-O Qb6 13. Nb3 a5 14. a4 Bd7 15.
Bb5 Rad8 16. Rc1 Nb4 17. Bxd7 Rxd7 18. Rc3 Rc7 19. Qb1 Rfc8 20. Rfc1 Nc6 21.
Qc2 Bb4 22. Nc5 Bxc3 23. bxc3 Ne7 24. Rb1 Qa7 25. Rb3 Nf5 26. Qb2 Rb8 27. Rb6
Ne3 28. Rb5 Nc4 29. Qb3 b6 30. Nd3 Nd2 31. Nxd2 Rbc8 32. Nb1 Rc6 33. Ne1 Rb8
34. Nf3 Qe7 35. Qd1 Qc7 36. Qd3 Rc8 37. h3 Kf8 38. f5 Ke7 39. Rb3 Rc4 40. Nh2
Rxa4 41. Ng4 Ra1 42. f6+ Kf8 43. fxg7+ Kxg7 44. Nf6 a4 45. Rb4 a3 46. Qh7+ Kf8
47. Qxh6+ Ke7 48. Nxd5+ exd5 49. Qf6+ Kd7 50. Rxb6 Rxb1+ 51. Rxb1 Qxc3 52.
Qxf7+ Kc6 53. Qe6+ Kc7 54. Qe7+ Kc6 55. Qd6#  1-0

[Event "1. OEsterreichische Internet Schach Meisterschaft - Vorrunde 1"]
[Site "Online - Playchess.com"]
[Date ""]
[Round "3"]
[Board "31"]
[White "Pali, Philipp"]
[Black "Maister, Dieter"]
[Result "1-0"]
[WhiteElo "2245"]
[BlackElo "1851"]
[PlyCount "47"]
[EventDate "2020.04.11"]
[EventRounds "9"]
[EventCountry "AUT"]

1. c4 c6 2. g3 d5 3. Bg2 dxc4 4. Nf3 Nf6 5. O-O e6 6. Na3 b5 7. b3 cxb3 8. Qxb3
Nbd7 9. Nd4 b4 10. Nxc6 Qc7 11. Nc4 Bb7 12. N4a5 Bxc6 13. Nxc6 Bd6 14. Bb2 O-O
15. Rac1 Qb6 16. Bd4 Bc5 17. Rxc5 Nxc5 18. Qe3 Nfd7 19. Rc1 Rac8 20. Bxc5 Nxc5
21. Qxc5 Qa6 22. Ne7+ Kh8 23. Nxc8 Qxe2 24. Qxf8#  1-0

[Event "1. OEsterreichische Internet Schach Meisterschaft - Vorrunde 1"]
[Site "Online - Playchess.com"]
[Date ""]
[Round "3"]
[Board "32"]
[White "Fuchs, Georg"]
[Black "Klinglmair, Guenter"]
[Result "1-0"]
[WhiteElo "2234"]
[BlackElo "1483"]
[PlyCount "65"]
[EventDate "2020.04.11"]
[EventRounds "9"]
[EventCountry "AUT"]

1. e4 c6 2. d4 d5 3. Nc3 dxe4 4. Nxe4 Bf5 5. Ng3 Bg6 6. h4 h6 7. Nf3 e6 8. Bd3
Bxd3 9. Qxd3 Nd7 10. Bf4 Rc8 11. O-O-O Ngf6 12. Ne4 Nd5 13. Bd2 Qc7 14. g3 Be7
15. Kb1 O-O 16. Neg5 g6 17. h5 gxh5 18. Rxh5 f5 19. Nxe6 Qd6 20. Nxf8 Rxf8 21.
Rxf5 c5 22. dxc5 Nxc5 23. Qxd5+ Qxd5 24. Rxd5 Ne4 25. Bf4 Nxf2 26. Re1 Bf6 27.
Rd7 Ng4 28. Rxb7 h5 29. c3 a5 30. Rd1 Nf2 31. Rdd7 Ne4 32. Rbc7 Bd8 33. Rc8 {
Zeit}  1-0

[Event "1. OEsterreichische Internet Schach Meisterschaft - Vorrunde 1"]
[Site "Online - Playchess.com"]
[Date ""]
[Round "3"]
[Board "33"]
[White "Meglitsch, Konstantin"]
[Black "Kruckenhauser, Arthur"]
[Result "0-1"]
[WhiteElo "2041"]
[BlackElo "2233"]
[PlyCount "52"]
[EventDate "2020.04.11"]
[EventRounds "9"]
[EventCountry "AUT"]

1. e4 c5 2. Nc3 a6 3. g3 b5 4. Bg2 Bb7 5. d3 e6 6. Nge2 Nf6 7. O-O d5 8. exd5
exd5 9. Nf4 Be7 10. Qf3 O-O 11. Ncxd5 Nxd5 12. Nxd5 Ra7 13. Nxe7+ Qxe7 14. Qe3
Qf6 15. Bxb7 Rxb7 16. Qf4 Qd4 17. Rb1 Qd5 18. b3 Nc6 19. Bb2 Nb4 20. Rfe1 Nxc2
21. Re5 Qxd3 22. Rxc5 Nd4 23. Re1 Nf3+ 24. Kh1 Nxe1 25. h4 Qf1+ 26. Kh2 Qg2#
 0-1

[Event "1. OEsterreichische Internet Schach Meisterschaft - Vorrunde 1"]
[Site "Online - Playchess.com"]
[Date ""]
[Round "3"]
[Board "34"]
[White "Flir, Emilio"]
[Black "Schernthaner, David"]
[Result "0-1"]
[WhiteElo "1843"]
[BlackElo "2220"]
[PlyCount "72"]
[EventDate "2020.04.11"]
[EventRounds "9"]
[EventCountry "AUT"]

1. d4 Nf6 2. c4 g6 3. Nf3 Bg7 4. Nc3 d5 5. Bf4 O-O 6. e3 c5 7. Be2 Nc6 8. dxc5
Ne4 9. Rc1 Nxc3 10. bxc3 dxc4 11. Qxd8 Nxd8 12. Bxc4 Be6 13. Bb3 Rc8 14. O-O
Rxc5 15. Nd4 Bxb3 16. axb3 e5 17. b4 Rc8 18. Nb5 exf4 19. exf4 a6 20. Nd4 Bxd4
21. cxd4 Nc6 22. Rc4 b5 23. Rc5 Nxd4 24. Re1 Rxc5 25. bxc5 Ne6 26. c6 Nxf4 27.
Ra1 Ra8 28. c7 Nd5 29. Rc1 Rc8 30. f3 Rxc7 31. Rd1 Nc3 32. Rd8+ Kg7 33. Ra8 Rc6
34. Kf2 Rb6 35. Ke3 b4 36. Kd4 b3 {AntiGM gibt auf}  0-1

[Event "1. OEsterreichische Internet Schach Meisterschaft - Vorrunde 1"]
[Site "Online - Playchess.com"]
[Date ""]
[Round "3"]
[Board "35"]
[White "Ragger, Anna-Christina"]
[Black "Pernerstorfer, Markus"]
[Result "1-0"]
[WhiteElo "2204"]
[BlackElo "1582"]
[PlyCount "49"]
[EventDate "2020.04.11"]
[EventRounds "9"]
[EventCountry "AUT"]

1. d4 Nf6 2. c3 g6 3. Bg5 Bg7 4. Nd2 d5 5. Ngf3 O-O 6. e3 Bf5 7. Qb3 Qc8 8. Be2
c6 9. O-O Nbd7 10. Rfe1 Re8 11. c4 Ne4 12. cxd5 cxd5 13. Rac1 Qd8 14. Qxd5 Nxg5
15. Nxg5 Rf8 16. e4 Nf6 17. Qxd8 Rfxd8 18. exf5 Rxd4 19. Ngf3 Rd7 20. fxg6 hxg6
21. Nc4 Rad8 22. Red1 Ne4 23. Rxd7 Rxd7 24. b3 Rc7 25. Rd1  1-0

[Event "1. OEsterreichische Internet Schach Meisterschaft - Vorrunde 1"]
[Site "Online - Playchess.com"]
[Date ""]
[Round "3"]
[Board "36"]
[White "Waldner, Alois"]
[Black "Juenger, Heinz"]
[Result "0-1"]
[WhiteElo "2018"]
[BlackElo "2165"]
[PlyCount "86"]
[EventDate "2020.04.11"]
[EventRounds "9"]
[EventCountry "AUT"]

1. e4 e5 2. Nf3 Nc6 3. Bc4 Bc5 4. O-O Nf6 5. c3 Nxe4 6. d4 d5 7. Bb5 exd4 8.
Nxd4 O-O 9. f3 Nd6 10. Bxc6 bxc6 11. Be3 Bb6 12. Nd2 c5 13. N4b3 c4 14. Nc5 Nf5
15. Bf2 Re8 16. b3 Ne3 17. Bxe3 Rxe3 18. b4 Rxc3 19. Re1 Bf5 20. Re5 Qd7 21.
Qe1 Be6 22. Kh1 Bxc5 23. bxc5 Rd3 24. Rb1 c6 25. Nf1 Re8 26. Ng3 f6 27. Re2 c3
28. Rc1 d4 29. Ne4 Bf7 30. Nd6 Rxe2 31. Qxe2 Re3 32. Qd1 Qe6 33. h3 d3 34. Qa4
d2 35. Rd1 Re1+ 36. Kh2 Qe5+ 37. f4 Qxc5 38. Nxf7 Kxf7 39. Qb3+ Qd5 40. Qb7+
Kg6 41. Qb1+ Qf5 42. Rxe1 Qxb1 43. Rxb1 c2 {Bumbam gibt auf}  0-1

[Event "1. OEsterreichische Internet Schach Meisterschaft - Vorrunde 1"]
[Site "Online - Playchess.com"]
[Date ""]
[Round "3"]
[Board "37"]
[White "Poecksteiner, Johann"]
[Black "Kucharski, Michael"]
[Result "1-0"]
[WhiteElo "2155"]
[BlackElo "1927"]
[PlyCount "119"]
[EventDate "2020.04.11"]
[EventRounds "9"]
[EventCountry "AUT"]

1. e4 c6 2. d4 d5 3. exd5 cxd5 4. Bd3 Nc6 5. c3 Qc7 6. Ne2 Bg4 7. f3 Bd7 8. Bf4
e5 9. dxe5 Nxe5 10. Bc2 Nf6 11. Nd2 Bd6 12. Bg3 O-O 13. O-O Rad8 14. Nb3 Nc4
15. Bxd6 Qxd6 16. Qc1 Qb6+ 17. Kh1 Ne3 18. Re1 Nxc2 19. Qxc2 Qc7 20. Nbd4 a6
21. Qd2 h6 22. Ng3 Rfe8 23. Rxe8+ Rxe8 24. Re1 Qd8 25. Re3 Rxe3 26. Qxe3 Qe8
27. Qxe8+ Nxe8 28. Kg1 Nd6 29. Kf2 g6 30. b3 Kg7 31. Ke3 b5 32. Nge2 g5 33. Nc1
f5 34. g3 Kf6 35. Nd3 Bc8 36. Nb4 Bb7 37. Nd3 a5 38. Nc5 Bc8 39. Ne2 b4 40.
cxb4 axb4 41. Nd4 g4 42. f4 Ne4 43. Nd3 Ke7 44. Nxb4 Kd6 45. Nd3 h5 46. b4 Nc3
47. a3 Ba6 48. Ne5 Bc8 49. Kd3 Ne4 50. a4 Nf2+ 51. Ke2 Ne4 52. Ke3 Nc3 53. a5
Nd1+ 54. Kd2 Nf2 55. Nd3 Ne4+ 56. Ke3 Nc3 57. Nb2 Na2 58. Nd3 Nc3 59. b5 Nd1+
60. Kd2  1-0

[Event "1. OEsterreichische Internet Schach Meisterschaft - Vorrunde 1"]
[Site "Online - Playchess.com"]
[Date ""]
[Round "3"]
[Board "38"]
[White "Kwech, Martin"]
[Black "Brehovsky, Paul"]
[Result "0-1"]
[WhiteElo "1105"]
[BlackElo "2149"]
[PlyCount "122"]
[EventDate "2020.04.11"]
[EventRounds "9"]
[EventCountry "AUT"]

1. d4 e6 2. c4 Nf6 3. g3 d5 4. Nf3 dxc4 5. Bg2 Bd7 6. Qc2 Bc6 7. Bg5 Nbd7 8.
Qxc4 h6 9. Bxf6 Qxf6 10. O-O Nb6 11. Qc2 Qf5 12. Qxf5 exf5 13. Nc3 Bb4 14. Rac1
O-O-O 15. e3 Kb8 16. Ne5 Bxg2 17. Kxg2 Rhf8 18. Nd3 Be7 19. Ne2 c6 20. Nef4 Bd6
21. b3 g5 22. Ne2 Nd5 23. Nc3 Nf6 24. Ne2 Ne4 25. Nc3 f6 26. Nxe4 fxe4 27. Nb2
f5 28. Nc4 Bc7 29. Nd2 Rde8 30. Nc4 f4 31. gxf4 gxf4 32. exf4 Rxf4 33. Ne3 Rg8+
34. Kh1 Rgf8 35. Rc2 Rh4 36. f3 exf3 37. Rcf2 Rh3 38. Ng4 h5 39. Ne3 Bb6 40.
Nc2 Bc7 41. Ne3 a5 42. Nc2 Bg3 43. Rxf3 Rxh2+ 44. Kg1 Rxf3 45. Rxf3 Rxc2 46.
Rxg3 Rxa2 47. Rh3 Rb2 48. Rxh5 b6 49. Rh8+ Kb7 50. Rh3 Ka6 51. Kf1 Kb5 52. Ke1
Kb4 53. Rh6 Rc2 54. Rh3 Rc3 55. Rxc3 Kxc3 56. Kd1 Kxb3 57. Kc1 a4 58. Kb1 Kc3
59. Ka2 b5 60. Ka3 Kxd4 61. Kb2 Kc4  0-1

[Event "1. OEsterreichische Internet Schach Meisterschaft - Vorrunde 1"]
[Site "Online - Playchess.com"]
[Date ""]
[Round "3"]
[Board "39"]
[White "Bachler, Reinhard"]
[Black "Pasteiner, Gernot"]
[Result "1-0"]
[WhiteElo "2143"]
[BlackElo "1632"]
[PlyCount "41"]
[EventDate "2020.04.11"]
[EventRounds "9"]
[EventCountry "AUT"]

1. f4 d5 2. Nf3 Bg4 3. e3 Nf6 4. h3 Bxf3 5. Qxf3 c6 6. b3 e6 7. Bb2 Be7 8. g4
Nbd7 9. g5 Ne4 10. Bxg7 Rg8 11. Bb2 Qa5 12. h4 O-O-O 13. a3 h6 14. b4 Qa4 15.
Bd3 hxg5 16. hxg5 Rh8 17. Rxh8 Rxh8 18. Bxh8 Nb6 19. Nc3 Nxc3 20. Bxc3 Bxb4 21.
axb4 {Scoville gibt auf}  1-0

[Event "1. OEsterreichische Internet Schach Meisterschaft - Vorrunde 1"]
[Site "Online - Playchess.com"]
[Date ""]
[Round "3"]
[Board "40"]
[White "Strodl, Joachim"]
[Black "Ploeckinger, Paul"]
[Result "1-0"]
[WhiteElo "2137"]
[BlackElo "1334"]
[PlyCount "83"]
[EventDate "2020.04.11"]
[EventRounds "9"]
[EventCountry "AUT"]

1. d4 Nf6 2. Nf3 d5 3. g3 g6 4. Bg2 Bg7 5. O-O O-O 6. c4 dxc4 7. Qc2 Be6 8. Na3
Nbd7 9. Nxc4 Nb6 10. b3 Bf5 11. Qb2 c6 12. Nfd2 Qc7 13. e4 Bg4 14. h3 Be2 15.
Re1 Bxc4 16. bxc4 Nfd7 17. c5 Nxc5 18. Qb4 Nd3 19. Qc3 Nxe1 20. Bf1 Nd7 21. Nb3
Nf3+ 22. Qxf3 Nf6 23. Bf4 Qd7 24. Rd1 Rfd8 25. Be2 Nh5 26. Be3 e6 27. e5 Qc7
28. g4 Ng3 29. Qxg3 Qb6 30. Qf3 Qb4 31. h4 Qa3 32. Rd2 a5 33. h5 a4 34. Nc5
Qc1+ 35. Kg2 Qb1 36. h6 Bf8 37. Ne4 Rd7 38. Nf6+ Kh8 39. Nxd7 Rd8 40. Qf6+ Kg8
41. Qxd8 Qe4+ 42. Bf3 {Zeit}  1-0

[Event "1. OEsterreichische Internet Schach Meisterschaft - Vorrunde 1"]
[Site "Online - Playchess.com"]
[Date ""]
[Round "3"]
[Board "41"]
[White "Kranz, Armin"]
[Black "Huliak, Peter"]
[Result "1-0"]
[WhiteElo "2119"]
[BlackElo "1958"]
[PlyCount "91"]
[EventDate "2020.04.11"]
[EventRounds "9"]
[EventCountry "AUT"]

1. d4 Nf6 2. Nf3 g5 3. Nxg5 d5 4. g3 Bf5 5. Bg2 Qd7 6. Nd2 h6 7. Ngf3 Nc6 8. c3
Bh3 9. Bxh3 Qxh3 10. Rg1 Ng4 11. Nf1 O-O-O 12. b4 e5 13. b5 Na5 14. dxe5 Nc4
15. Bf4 Qh5 16. Qd4 b6 17. a4 Bc5 18. Qd3 Ngxe5 19. Nxe5 Nxe5 20. Bxe5 Qxe5 21.
Nd2 Rhe8 22. e3 d4 23. Nf3 Qg7 24. cxd4 Bxd4 25. Nxd4 Rxd4 26. Qf5+ Rd7 27. Rd1
Qc3+ 28. Kf1 Qc4+ 29. Kg2 Qe4+ 30. Qxe4 Rxe4 31. Rxd7 Kxd7 32. Rd1+ Ke7 33. Rd4
Re6 34. h4 h5 35. Kf3 Rf6+ 36. Ke2 Ke6 37. Rc4 Kd7 38. Rd4+ Ke7 39. Rd5 Rh6 40.
e4 Re6 41. Ke3 Rh6 42. f3 f6 43. Rd4 Ke6 44. Rc4 Rh7 45. Rc6+ Ke5 46. f4#  1-0

[Event "1. OEsterreichische Internet Schach Meisterschaft - Vorrunde 1"]
[Site "Online - Playchess.com"]
[Date ""]
[Round "3"]
[Board "42"]
[White "Schloffer, Jasmin-Denise"]
[Black "Kainz, Josef"]
[Result "1-0"]
[WhiteElo "2110"]
[BlackElo "2005"]
[PlyCount "57"]
[EventDate "2020.04.11"]
[EventRounds "9"]
[EventCountry "AUT"]

1. d4 Nf6 2. c4 g6 3. Nc3 d5 4. Nf3 Bg7 5. Bg5 Ne4 6. cxd5 Nxg5 7. Nxg5 e6 8.
Qd2 exd5 9. Qe3+ Kf8 10. Qf4 Bf6 11. h4 h6 12. Nxd5 hxg5 13. Qxf6 Qxf6 14. Nxf6
Rxh4 15. Rxh4 gxh4 16. Rc1 c6 17. d5 Kg7 18. Ne8+ Kf8 19. Nd6 Nd7 20. dxc6 bxc6
21. Rxc6 Nb6 22. e4 Be6 23. a3 Rd8 24. e5 Nd5 25. Bb5 a5 26. Kf1 Ne7 27. Rc7 f5
28. Ra7 Bd5 29. Rxa5 {Zeit}  1-0

[Event "1. OEsterreichische Internet Schach Meisterschaft - Vorrunde 1"]
[Site "Online - Playchess.com"]
[Date ""]
[Round "3"]
[Board "43"]
[White "Balint, Peter"]
[Black "Leaua, Cristinel-Costel"]
[Result "0-1"]
[WhiteElo "2105"]
[BlackElo "2045"]
[PlyCount "94"]
[EventDate "2020.04.11"]
[EventRounds "9"]
[EventCountry "AUT"]

1. e4 c5 2. Nf3 d6 3. d4 cxd4 4. Nxd4 Nf6 5. Nc3 a6 6. Be3 e5 7. Nb3 Be6 8. f3
Be7 9. Qd2 Qc7 10. O-O-O Nbd7 11. g4 Rc8 12. Kb1 b5 13. h4 b4 14. Nd5 Bxd5 15.
exd5 a5 16. h5 a4 17. Nc1 a3 18. b3 Nxd5 19. Bd3 Nc3+ 20. Ka1 Nxd1 21. Rxd1
Qc3+ 22. Qxc3 bxc3 23. Ne2 Nc5 24. Bc4 h6 25. Nxc3 O-O 26. Nd5 Bf6 27. Nxf6+
gxf6 28. Bxh6 Rfd8 29. g5 fxg5 30. Bxg5 Rd7 31. Bf6 Ne6 32. Rg1+ Kh7 33. Bd3+
Kh6 34. Bf5 Rc3 35. Rg8 Rd8 36. Bxd8 Nxd8 37. Rxd8 Rxf3 38. Rxd6+ Kxh5 39. Rd1
Rxf5 40. b4 e4 41. c4 e3 42. Rh1+ Kg6 43. Kb1 e2 44. Rg1+ Kh6 45. Rh1+ Kg6 46.
Rg1+ Kf6 47. Kc2 Rf1  0-1